000 00670nam a2200229Ia 4500
003 OSt
005 20220928103229.0
006 a|||||r|||| 00| 0
007 ta
008 220927b |||||||| |||| 00| 0 eng d
024 _a30113
037 _cTextual
040 _aSDCL
_cSDCL
_beng
041 _2eng
_aeng
082 _aV2'J<G, M6
100 _aNaqvi Hamida khatoon
_9402972
245 0 _aAgricultural,industrial and urban dynanism under the Sultans of Delhi,1206-1555
260 _aNew Delhi
_bMunshiram ManoharLal Publishers
_c1986
300 _a205p
_ccm.
942 _hV2'J<G, M6
_cTEXL
_2CC
999 _c718777
_d718777